000 00342nam a2200121Ia 4500
008 220217s9999||||xx |||||||||||||| ||und||
082 _a624 KOL
100 _aKolhapure, B K
245 0 _aElements of Civil Engineering & Engineering Mechanics
260 _aEastern book promoters
_bBelgaum
_c2009
300 _a475
_b225
650 _aCIVIL
999 _c181355
_d181355